South Eastern Kenya University

Library Online Public Access Catalogue


Microbiology : (Record no. 66)

MARC details
000 -LEADER
fixed length control field 00571nam a22001697a 4500
020 ## - ISBN
International Standard Book Number 9788131722329
050 ## - LIBRARY OF CONGRESS CALL NUMBER
Classification Number QR41.2
Item Number .T67 2007
100 ## - MAIN ENTRY--Author
Personal name Tortora, J. Gerard
245 ## - TITLE
Title Microbiology :
Remainder of title an introduction
Statement of responsibility, etc Gerard J. Tortora, Berdell R. Funke & Christine L. Case
250 ## - EDITIONSTATEMENT
Edition statement 9th ed.
260 ## - PUBLICATION, DISTRIBUTION, ETC.(IMPRINT)
Place of publication, distribution, etc New Delhi:
Name of publisher, distributor, etc Dorling Kindersley (Pearson Education),
Date of publication, distribution, etc 2007.
300 ## - PHYSICAL DESCRIPTION
Extent xxvi,958p.:
500 ## - GENERALNOTE
General note Includes table of contents, appendices, glossary, credits and index
650 ## - SUBJECT--TOPIC
Form subdivision 1. Microbiology.
700 ## - ADDED ENTRY--PERSONAL AUTHOR
Personal Name Funke, R. Berdell
-- Case, L. Christine
942 ## - ADDED ENTRY ELEMENTS(KOHA)
Koha item type General circulation
Holdings
Source of classification or shelving scheme Not for loan Location (home branch) Sublocation (holding branch) Date accessioned Cost, normal purchase price Full call number Barcode Cost, replacement price Koha item type Public note Source of acquisition
Library of Congress Classification   Main Campus Library Main Campus Library 25/08/2014 5000.00 QR41.2 .T67 2007 2017/020528 5500.00 General circulation cm  
Library of Congress Classification   Main Campus Library Main Campus Library 28/02/2017   NBMQR41.2 .T67 2007 2015/002326   CD/DVD-ROMs    
Library of Congress Classification   SEHSS - Library SEHSS - Library 29/02/2016   [EHS] QR 41.2 .T67 2007 2016/010287   General circulation A.K. Donation-books for Africa
Kitui, Kenya.
+254736116989
library@seku.ac.ke